عرض عادي
عرض مارك
- آل فراج، أبو يوسف مدحت بن الحسن
مدخل إسم شخص
001 - رقم الضبط
- حقل الضبط: 3637
003 - معرف رقم الضبط
- حقل الضبط: OSt
005 - تاريخ ووقت أخر عملية
- حقل الضبط: 20110903144828.0
008 - عناصر بيانات ثابتة الطول
- حقل تحكم ثابت الطول: 110903|||a|||||| | ||| d
040 ## - مصدر الفهرسة
- هيئة الفهرسة الأصلية: OSt
- وكالة الكتابة: OSt
100 ## - مدخل -- أسم شخص
- إسم شخص: آل فراج، أبو يوسف مدحت بن الحسن
- مصطلح الرابط: جامع.
670 ## - بيانات المصدر موجوده
- الاستشهاد بالمصدر: Work cat.: (OSt)7780: فتاوى الأئمة النجدية حول قضايا الأمة المصيرية من شيخ الإسلام محمد بن عبد الوهاب إلى ابن باز /, 2007
